000 00526nam a2200217Ia 4500
003 OSt
005 20220928141109.0
006 a|||||r|||| 00| 0
007 ta
008 220927b |||||||| |||| 00| 0 eng d
024 _a13700
037 _cTextual
040 _aSDCL
_cSDCL
_beng
041 _2eng
_aeng
082 _aWv, L9
100 _aJain M P
_9499122
245 0 _aPolitical theory
_b Liberal and Marxian
260 _c1979
942 _hWv, L9
_cTEXL
_2CC
999 _c816109
_d816109